Central Library and Information Centre
Sibsagar Girls' College, Sivasagar : Assam

ADVANCED ORGANIC CHEMISTRY (Record no. 19149)

MARC details
000 -LEADER
fixed length control field 00450cam a2200193ua 4500
008 - FIXED-LENGTH DATA ELEMENTS--GENERAL INFORMATION
fixed length control field 151216n2012 II |||gr||||Z||||||eng
040 ## - CATALOGING SOURCE
Original cataloging agency MAIN
041 ## - LANGUAGE CODE
-- English
082 ## - DEWEY DECIMAL CLASSIFICATION NUMBER
Classification number 547 SIN
100 ## - MAIN ENTRY--PERSONAL NAME
Personal name SINGH, JAGADAMBA.
245 ## - TITLE STATEMENT
Title ADVANCED ORGANIC CHEMISTRY
250 ## - EDITION STATEMENT
Edition statement 8TH.
260 ## - PUBLICATION, DISTRIBUTION, ETC.
Place of publication, distribution, etc. MEERUT
Name of publisher, distributor, etc. PRAGATI PRAKASHAN
Date of publication, distribution, etc. 2012
300 ## - PHYSICAL DESCRIPTION
Extent 778:
Dimensions 24CM.
700 ## - ADDED ENTRY--PERSONAL NAME
Personal name YADAV, L.D.S.
942 ## - ADDED ENTRY ELEMENTS (KOHA)
Koha item type Books
653 ## - INDEX TERM--UNCONTROLLED
Uncontrolled term Organic chemistry
Holdings
Withdrawn status Lost status Damaged status Not for loan Collection code Home library Current library Shelving location Date acquired Full call number Barcode Date last seen Copy number Price effective from Koha item type Public note
        TBCHE Central Library and Information Centre Sibsagar Girls College Central Library and Information Centre Sibsagar Girls College CHEMISTRY BOOK RACK 02.05.2013 547 SIN 28877 27.02.2020 1 27.02.2020 Books V
        TBCHE Central Library and Information Centre Sibsagar Girls College Central Library and Information Centre Sibsagar Girls College CHEMISTRY BOOK RACK 02.05.2013 547 SIN 28878 27.02.2020 2 27.02.2020 Books V


Sibsagar Girl's College © 2020. All rights reserved.
Powered by Koha.
Maintained by Abhijit Borpuzari.